Διοικητική Πρακτική / 30 Ειδικές Περιπτώσεις για Μελέτη (Record no. 764)
[ view plain ]
| 000 -LEADER | |
|---|---|
| fixed length control field | 01974cam a22002054a 4500 |
| 005 - ΗΜΕΡΟΜΗΝΙΑ ΚΑΙ ΩΡΑ ΤΕΛΕΥΤΑΙΑΣ ΕΝΗΜΕΡΩΣΗΣ | |
| Πεδίο ελέγχου | 20250605163945.0 |
| 008 - FIXED-LENGTH DATA ELEMENTS--GENERAL INFORMATION | |
| Πεδίο ελέγχου σταθερού μήκους | 250528s ||||||||||||||||||||||||d |
| 035 ## - SYSTEM CONTROL NUMBER | |
| System control number | 15170 |
| 020 ## - ISBN | |
| ISBN | 9602860022 |
| 040 ## - ΠΗΓΗ ΚΑΤΑΛΟΓΟΓΡΑΦΗΣΗΣ | |
| Φορέας πρωτότυπης καταλογογράφησης | MC Athens Campus Library |
| Γλώσσα καταλογογράφησης | Ελληνικά, Μοντέρνα (1453-) |
| Modifying agency | MC Athens Campus Library |
| Κανόνες περιγραφικής καταλογογράφησης | AACR2 |
| 245 1# - ΤΙΤΛΟΣ ΚΑΙ ΔΗΛΩΣΗ ΥΠΕΥΘΥΝΟΤΗΤΑΣ | |
| Τίτλος | Διοικητική Πρακτική / 30 Ειδικές Περιπτώσεις για Μελέτη |
| 260 ## - PUBLICATION, DISTRIBUTION, ETC. | |
| Name of publisher, distributor, etc. | Έλλην, |
| Date of publication, distribution, etc. | 1991 |
| 300 ## - PHYSICAL DESCRIPTION | |
| Extent | 176 |
| 520 ## - SUMMARY, ETC. | |
| Summary, etc. | Μόνο στη ''Διοίκηση'' η θεωρία βγαίνει κατ'εξοχήν από την πράξη, γι'αυτό δεν υπάρχει simulator και είναι δύσκολη η σπουδή της. Η Διεύρυνση μιας Εταιρίας με Ελλιπή Μέσα, Από Χειρίστρια Μηχανής Προϊσταμένη Παραγωγής, Ένας Υπηρεσιακός Διάλογος, Η Εξέλιξη στη Θέση του Γενικού Διευθυντή, Μια Καθυστερημένη Αναφορά, Η Απόφαση του Ματθαίου Ροδίτη, Μια Δύσκολη Απόφαση, Εισαγωγή της Διοίκησης Μέσω Στόχων στην Εταιρία Media, Οι Εργαζόμενοι Καθορίζουν Νέα 'Ορια Παραγωγής, Η Επιστημονική Καλλιέργεια Ροδακίνων, Η Επέκταση μιας Επιχείρησης σε Νέες Δραστηριότητες, Η Τύχη της Μελέτης Εργασίας, Παραγωγή και Ποιοτικός Έλεγχος, Μια Μεταμφιεσμένη Ευκαιρία, Μια Δυναμική Διαμαρτυρία, Τα Προβλήματα Ενός Πιλότου Αναδιοργάνωσης, Πλασματικοί Πιθανοί Μελλοντικοί Λογαριασμοί. |
| 700 1# - ΠΡΟΣΘΕΤΗ ΑΝΑΓΡΑΦΗ--ΦΥΣΙΚΟ ΠΡΟΣΩΠΟ | |
| Personal name | Βιταντζάκης Νίκος |
| 9 (RLIN) | 1031 |
| 700 1# - ΠΡΟΣΘΕΤΗ ΑΝΑΓΡΑΦΗ--ΦΥΣΙΚΟ ΠΡΟΣΩΠΟ | |
| Personal name | Παπαβασιλείου Ναταλία |
| 9 (RLIN) | 1032 |
| 942 ## - ADDED ENTRY ELEMENTS (KOHA) | |
| Koha item type | Books |
| Τύπος τεκμηρίου | Βιβλιοθήκη | Τρέχουσα τοποθεσία | Barcode | Αριθμός εισαγωγής | Ημερομηνία απόκτησης | Ταξιθετικό σύμβολο | Αριθμός αντιτύπου | Κατάσταση απόσυρσης | Κατάσταση χαμένου | Κατάσταση κατεστραμμένου | Μη δανεισμός | Σύνολο δανεισμών | Ημερομηνία τελευταίας εμφάνισης | Η τιμή ισχύει από |
|---|---|---|---|---|---|---|---|---|---|---|---|---|---|---|
| Books | MC Athens Campus Library | MC Athens Campus Library | 9780000007636 | 1402 | 05/06/2025 | 658 PAP | 1 | 05/06/2025 | 05/06/2025 |